000 00271nam a2200097Ia 4500
001 1117966
005 20250827004116.0
008 250824s9999 xx 000 0 und d
245 0 _aHEDEF TÜRKİYE J5 RAF
_cOKTAY SİNANOĞLU
260 _bBİLİM GÖNÜL YAYINLARI
999 _c1117966
_d1117966